000 01149cam a22003254a 4500
999 _c21569
_d21569
001 16311675
005 20170121152929.0
008 100701s2007 maua 001 0 eng
010 _a 2010280691
015 _aGBA764360
_2bnb
016 7 _a013818380
_2Uk
020 _a9781592533756 (hbk.)
020 _a1592533752 (hbk.)
035 _a(OCoLC)ocn165410568
050 0 0 _aNC1002 .L47L475 2007
245 0 0 _aLetterhead and logo design 10 /
_c[design by] Sussner Design Co.
246 3 _aLetterhead and logo design ten
260 _aBeverly, Mass. :
_bRockport,
_cc2007.
300 _a235 p. :
_bill. (chiefly col.) ;
_c29 cm.
500 _aIncludes index.
650 0 _aLetterheads
_xDesign.
650 0 _aLogos (Symbols)
_xDesign.
710 2 _aSussner Design Company.
942 _2lcc
_cBOOKS
_hNC1002 .L47L475 2007